000 00700nam a2200241Ia 4500
005 20250425162453.0
008 250425s9999 xx 000 0 und d
020 _a9789942032836
041 _aspa
043 _aec
082 _a342.052 46
100 _aHANSEN, ROBERT J.
245 0 _aMANUAL DE OBLIGACIONES TRIBUTARIAS: CON APLICACION PARA EL PAGO Y DECLARACION DEL IMPUESTO A LA RENTA EN ABRIL DEL 2011
250 _a4A ED.
260 _aEcuador
_bHANSEN-HOLM DE ARMERO MARIO ARTURO
_c2010
260 _aGUAYAQUIL
_bHANSEN-HOLM
300 _a401
650 _aESTADOS FINANCIEROS
650 _aIMPUESTO A AL RENTA
710 _aHANSEN-HOLM & CO.
942 _c01
010 _a76405
999 _c229909
_d229909